000 00806nam0a22002651 4500
001 rc\2990932
005 20250806211554.0
035 _a(NLR Aleph) 007135050
090 _a16655
_c16655
100 _a20110915d1942 u y0rusy50 ca
101 0 _arus
102 _aRU
105 _ay z |||||
200 1 _aГневная Россия
_e(Поэма)
_fНиколай Асанов
210 _a[Молотов]
_cМолотовгиз
_d1942
215 _a116 с.
_d14 см
700 1 _aАсанов
_bН.А.
_f1906-1974
_gНиколай Александрович
801 0 _aRU
_bNLR
_gpsbo
801 1 _aRU
_bELAR
_2rusmarc
852 _aNLR
_jЛ30 Г-1/323
942 _cBOOK
945 _aРоссийская национальная библиотека
980 _aNB
980 _aBV